| 000 | 00749nam a2200229 a 4500 | ||
|---|---|---|---|
| 001 | 41045 | ||
| 003 | BD-RjUL | ||
| 005 | 20211209053323.0 | ||
| 008 | 160514r2005 bg ||||| |||| 00| 0 ben d | ||
| 020 | _c: TK 220.00 | ||
| 035 | _a(BD-RjUL)41161 | ||
| 040 |
_aBD-RjUL _bben _cBD-RjUL |
||
| 041 | _aben | ||
| 082 |
_223 _a297 _bHAS 2005 |
||
| 100 |
_aহক, দেওয়ান নূরুল _9126298 |
||
| 245 | 1 | 0 |
_aসীরাতে নবী পাক (স.) / _cদেওয়ান নূরুল হক |
| 260 |
_aরাজশাহী : _bআল-মারুফ, _c২০০৫ |
||
| 300 |
_a৩৯৫ পৃ. ; _c২৩ সেমি. |
||
| 650 |
_aইসলাম _9126299 |
||
| 650 |
_aIslam _9126300 |
||
| 942 |
_2ddc _cBK |
||
| 999 |
_c41045 _d41045 |
||